Poems / (Record no. 85832)

MARC details
000 -LEADER
campo de control de longitud fija 00734nam a2200217 i 4500
001 - NÚMERO DE CONTROL
campo de control 85832
003 - IDENTIFICADOR DE NÚMERO DE CONTROL
campo de control ES-MaACL
005 - FECHA Y HORA DE LA ÚLTIMA TRANSACCIÓN
campo de control 20230906175323.0
007 - CAMPO FIJO DE DESCRIPCIÓN FÍSICA--INFORMACIÓN GENERAL
campo de control de longitud fija t|
008 - DATOS DE LONGITUD FIJA--INFORMACIÓN GENERAL
campo de control de longitud fija 041202s1935 sp ||||1| eng d
100 1# - ENTRADA PRINCIPAL--NOMBRE DE PERSONA
Nombre de persona Keats, John.
9 (RLIN) 67699
245 10 - MENCIÓN DEL TÍTULO
Título Poems /
Mención de responsabilidad, etc. by John Keats ; a selection and introduction by J. Marcaró ; drawings by Lola Anglada.
260 ## - PUBLICACIÓN, DISTRIBUCIÓN, ETC.
Lugar de publicación, distribución, etc. [Palma de Mallorca] :
Nombre del editor, distribuidor, etc. Moll,
Fecha de publicación, distribución, etc. 1935 (
Fabricante Miramar)
300 ## - DESCRIPCIÓN FÍSICA
Extensión XIV, 329 p., 2 lám. ;
Dimensiones 23 cm.
490 1# - MENCIÓN DE SERIE
Mención de serie Exemparia mundi. Bibliotheca optimorum operum
700 1# - ENTRADA AGREGADA--NOMBRE PERSONAL
Nombre de persona Marcaró, J.
9 (RLIN) 76357
700 1# - ENTRADA AGREGADA--NOMBRE PERSONAL
Nombre de persona Anglada, Lola.
9 (RLIN) 21735
830 0# - PUNTO DE ACCESO ADICIONAL DE SERIE-TÍTULO UNIFORME
Título uniforme Exemparia mundi. Bibliotheca optimorum operum
9 (RLIN) 231729
852 ## - LOCALIZACIÓN
Ubicación ES-MaACL
Número de control de estantería C-9509
Sublocalización o colección R.37805
Holdings
Estatus retirado Estado de pérdida Estado de daño No para préstamo Biblioteca de origen Biblioteca actual Ubicación en estantería Fecha de adquisición Fuente de adquisición Total de préstamos Signatura topográfica completa Código de barras Visto por última vez Precio de reemplazo Tipo de ítem Koha
        Biblioteca del Ateneo de Madrid Biblioteca del Ateneo de Madrid Sala Palomar 17/01/2008     C-9509 1089696 23/02/2023 23/02/2023 Libro impreso